[Event "POL-chT3 U19 Slaska"]
[Site "Slask"]
[Date "2007.03.17"]
[Round "5.27"]
[White "Paszewski, Lukasz"]
[Black "Cichy, Kamil"]
[Result "0-1"]
[WhiteElo "1600"]
[BlackElo "1800"]
[PlyCount "86"]
[EventDate "2007.01.27"]
[EventType "team-tourn"]
[EventRounds "11"]
[EventCountry "POL"]
[SourceTitle "EXT 2019"]
[Source "ChessBase"]
[SourceDate "2018.10.10"]
[SourceVersion "1"]
[SourceVersionDate "2018.10.10"]
[SourceQuality "1"]
[WhiteTeam "Czestochowa UKS Hetman U19 II"]
[BlackTeam "Jastrzebie Zdroj Pionier U19 II"]
[WhiteTeamCountry "POL"]
[BlackTeamCountry "POL"]

1. d4 Nf6 2. c4 c5 3. d5 b5 4. cxb5 a6 5. Nc3 axb5 6. Nxb5 Ba6 7. e3 Bxb5 8. Bxb5 Qa5+ 9. Bd2 Qxb5 10. Bc3 Ne4 11. Qc2 Nxc3 12. bxc3 g6 13. Ne2 Bg7 14. 0-0 0-0 15. Rfe1 d6 16. Qe4 Qd7 17. f4 Na6 18. Rac1 Nc7 19. Rc2 Ra4 20. c4 Rfa8 21. Nc1 Na6 22. Rf2 f5 23. Qc2 Nb4 24. Qb1 e5 25. dxe6 Qxe6 26. Qb3 Ra3 27. Qd1 Rxe3 28. Ree2 Bd4 29. Kh1 Qxc4 30. Qe1 Rae8 31. h3 Rxe2 32. Rxe2 Rxe2 33. Nxe2 Qe6 34. a4 Nd5 35. Qd2 Be3 36. Qa5 Nxf4 37. Qd8+ Kg7 38. Qc7+ Kh6 39. Qd8 Nxe2 40. Qf8+ Kh5 41. g4+ fxg4 42. hxg4+ Qxg4 43. Qf1 Ng3+ 0-1